Encyclopedic dictionary of industrial technology (Record no. 38846)

MARC details
000 -LEADER
fixed length control field 00378nam a2200133Ia 4500
082 ## - DEWEY DECIMAL CLASSIFICATION NUMBER
Classification number 67:62(038)
Item number TVE
100 ## - MAIN ENTRY--AUTHOR NAME
Personal name Bolz, Roger William
245 #0 - TITLE STATEMENT
Title Encyclopedic dictionary of industrial technology
260 ## - PUBLICATION, DISTRIBUTION, ETC. (IMPRINT)
Place of publication New York
Name of publisher Chapman and Hall
Year of publication 1984
650 ## - SUBJECT ADDED ENTRY--TOPICAL TERM
Topical Term Industrial technology
700 ## - ADDED ENTRY--PERSONAL NAME
Personal name Tver, David F
942 ## - ADDED ENTRY ELEMENTS (KOHA)
Koha item type Books
Holdings
Withdrawn status Lost status Damaged status Not for loan Home library Current library Date acquired Cost, normal purchase price Full call number Accession Number Koha item type
        RRII Library RRII Library 16/12/2021 20.00 67:62(038) TVE 19197 Books